Decretos de necesidad y urgencia (Registro nro. 6123)
[ vista simple ]
| 000 -LEADER | |
|---|---|
| fixed length control field | 01276 a2200229 4500 |
| 001 - CONTROL NUMBER | |
| control field | 57123 |
| 005 - DATE AND TIME OF LATEST TRANSACTION | |
| control field | 20260407155834.0 |
| 008 - FIXED-LENGTH DATA ELEMENTS--GENERAL INFORMATION | |
| fixed length control field | 260407a1995 arg spa d |
| 003 - CONTROL NUMBER IDENTIFIER | |
| control field | AR-UNSa-BCEJYS |
| 040 ## - CATALOGING SOURCE | |
| Original cataloging agency | AR-UNSa-BCEJYS |
| Language of cataloging | spa |
| Transcribing agency | AR-UNSa-BCEJYS |
| 080 ## - UNIVERSAL DECIMAL CLASSIFICATION NUMBER | |
| Universal Decimal Classification number | 342 |
| Common auxiliary subdivision | Derecho constitucional (Derecho Público) |
| 020 ## - INTERNATIONAL STANDARD BOOK NUMBER | |
| International Standard Book Number | 950-14-0811-6 |
| 041 ## - LANGUAGE CODE | |
| Language code of text/sound track or separate title | spa |
| 100 1# - MAIN ENTRY--PERSONAL NAME | |
| Personal name | Pérez Hualde, Alejandro |
| 245 10 - TITLE STATEMENT | |
| Title | Decretos de necesidad y urgencia |
| Name of part/section of a work | límites y control |
| 264 #1 - PRODUCTION, PUBLICATION, DISTRIBUTION, MANUFACTURE, AND COPYRIGHT NOTICE | |
| Place of production, publication, distribution, manufacture | Buenos Aires : |
| Name of producer, publisher, distributor, manufacturer | Ediciones Depalma |
| Date of production, publication, distribution, manufacture, or copyright notice | 1995 |
| 300 ## - PHYSICAL DESCRIPTION | |
| Extent | 307 p. |
| Dimensions | 23 cm. |
| 505 ## - FORMATTED CONTENTS NOTE | |
| Formatted contents note | 1. Conceptos generales acerca de la normativa de necesidad y urgencia – 2. Crisis del principio de división de poderes – 3. Estado de emergencia jurídico-político – 4. El supuesto factico – 5. Consecuencias de admitir el estado de necesidad como fundamento de legitimidad del decreto de necesidad y urgencia – 6. Límites de los decretos de necesidad y urgencia – 7. El control de los decretos de necesidad y urgencia – 8. Control político por el poder legislativo – 9. El control por los jueces – 10.control popular |
| 590 ## - LOCAL NOTE (RLIN) | |
| Local note | niveau_biblio:m niveau_hierar:0 |
| 856 41 - ELECTRONIC LOCATION AND ACCESS | |
| Uniform Resource Identifier | <a href="https://www.biblioeco.unsa.edu.ar/pmb/images/libros/L128701.jpg">https://www.biblioeco.unsa.edu.ar/pmb/images/libros/L128701.jpg</a> |
| Link text | Imagen de portada |
| Electronic format type | image/jpeg |
| 942 ## - ADDED ENTRY ELEMENTS (KOHA) | |
| Koha item type | |
| Withdrawn status | Lost status | Damaged status | Not for loan | Home library | Current library | Shelving location | Date acquired | Total checkouts | Full call number | Barcode | Date last seen | Price effective from | Koha item type |
|---|---|---|---|---|---|---|---|---|---|---|---|---|---|
| Biblioteca Prof. Eusebio Cleto del Rey | Biblioteca Prof. Eusebio Cleto del Rey | 07/04/2026 | 342 P438 | L128701 | 07/04/2026 | 07/04/2026 | Libro |